Responses for show #4783 - Wednesday, May 25, 2005

2005 Ultimate Tournament of Champions Round 5, game 3.

Contestants

[<< previous game]

Brad Rutter, a TV quiz show host from Lancaster, Pennsylvania (subtotal of $38,400)

Jerome Vered, a writer from Los Angeles, California (subtotal of $19,600)

Ken Jennings, a software engineer from Salt Lake City, Utah (subtotal of $26,000)

[next game >>]

Jeopardy! Round responses

DINOSAURS
WOMEN OF COUNTRY
(Alex: New entries for 2005 in the...)
WEBSTER'S NEW WORLD COLLEGE DICTIONARY
MUSICAL INSTRUMENTS
IF IT'S TUESDAY
THIS MUST BE BELGIAN
    $200 2
horns

Brad
    $200 9
Faith Hill

Brad
    $200 14
al-Qaeda

Ken
    $200 30
(Ken: What's the piano?)

the flute

KenJerome
    $200 16
Wimpy

Jerome
    $200 21
Brussels

Brad
    $400 3
Cretaceous

Brad
    $400 10
Georgia

Brad
    $400 15
Gulf War Syndrome

Brad
    $400 29
the clarinet

Jerome
    $400 17
Election Day

Brad
    $400 22
(Alex: Napoleon not looking happy.)

Waterloo

Brad
    $600 4
a parrot

Ken
    $600 11
LeAnn Rimes (or Trisha Yearwood)

Triple Stumper
    $600 1
e-commerce

Brad
    $2,400 26
(Ken: Nah, I'm bettin' all of it.)
...
(Alex: The [*], for lyric poetry, yes.)

lyre

Ken
    $600 18
pancakes

Jerome
    $600 23
SABENA

Ken
    $800 5
iridium

Ken
    $800 12
Reba McEntire

Triple Stumper
    $800 7
(Ken: What is a trans acid?)

omega-3

KenBrad
    $800 27
Charlie Parker

Brad
    $800 19
Odin

Brad
    $800 24
(Brad: Who is Leopold?)
(Alex: Which one?)
(Brad: The... Second?)
(Alex: No.)
(Jerome: Who's [*]?)
(Alex: Yes.)
(Jerome: [To Brad] Thank you.)
[Small laughter]

Leopold I

JeromeBrad
    $1000 6
Brachiosaurus

Brad
    $1000 13
Gretchen Wilson

Brad
    $1000 8
shiraz

Brad
    $1000 28
the dulcimer

Brad
    $1000 20
Mitch Albom

Brad
    $1000 25
Tintin

Ken

Scores at the first commercial break (after clue 15):

Ken Jerome Brad
$800 $0 $6,000

Scores at the end of the Jeopardy! Round:

Ken Jerome Brad
$4,600 $2,200 $9,800

Double Jeopardy! Round responses

ASIAN HISTORY
GLOVE, AMERICAN STYLE
POETS & POETRY
"G" PEOPLE
LATIN CLASS
ROCKS
    $400 4
Japan

Brad
    $400 6
(Ken: What's a Golden Glove?)
...
(Alex: A [*]. Golden Glove refers to boxing.)

Gold Glove

KenBrad
    $400 16
(Ken: ...oddly enough.)

Anne Bradstreet

Ken
    $400 21
Galahad

Ken
    $400 11
and

Brad
    $400 26
flint

Brad
    $800 5
Pakistan

Jerome
    $800 7
Ozzie Smith

Ken
    $800 17
Adonis

Brad
    $800 22
(Brad: Who is Getty?)
(Alex: More specific?)
(Brad: Uh, [*]?)

J. Paul Getty

Brad
    $800 12
hoc

Brad
    $800 27
metamorphic

Brad
    $1200 1
(Jerome: Who is Bashir?)

Rafic Hariri

Jerome
Triple Stumper
    $1200 8
hockey

Ken
    $1200 18
Gabriela Mistral

Ken
    $1200 23
Betty Grable

Jerome
    $1200 13
(Jerome: What is pindo?)
...
(Alex: Veni, vidi, vici. Pando: [*].)

pandi

Jerome
Triple Stumper
    $1200 28
copper

Ken
    $1600 2
Pathet Lao

Jerome
    $1600 9
Gary Payton

Brad
    $1600 19
Robert Service

Ken
    $3,300 24
(David) Garrick

Jerome
    $1,400 14
the superlative

Brad
    $1600 29
(Ken: Oops. What are the Apennines?)

the Dolomites

KenJerome
    $2000 3
(Alex: Yes, Ken gave that response two days ago to another clue.)

the Gurkhas

Brad
    $2000 10
(John) Carlos (or Tommie Smith)

Brad
    $2000 20
"Thanatopsis"

Brad
    $2000 25
Nan Goldin

Triple Stumper
    $2000 15
(Alex: Sorry, Brad, not quickly enough. Did you have it though?)
(Brad: I did.)
(Alex: Good for you.)
[Brad lets out audible breath]

mutatis mutandis

Triple Stumper
    $2000 30
iron

Triple Stumper

Scores at the end of the Double Jeopardy! Round:

Ken Jerome Brad
$9,400 $8,300 $23,600
(lock tournament)

[wagering suggestions for these scores]

Final Jeopardy! Round responses

20th CENTURY AMERICANS
(Alex: [To Ken] No. Alan Shepard did not orbit the Earth, remember? He just went down the Atlantic.)
...
[Brad's answer is revealed]
(Brad: And I'll say "Go Ken!" and "Go Jerome!")
...
(Alex: Congratulations. Brad Rutter. Now the biggest quiz or game show money winner in television history. And Ken is still up there too. He's the number 2.)

[Brad's check]
[Brad with his check]
[Ken's check]
[Ken with his check]
[Jerome's check]
[Jerome with his check]
[All three with their checks]
[What does Alex get?]
JeromeWho are Carpenter & Shepherd?
$7,300
KenWho are Cooper and Shepard? GO BRAD!
$801
BradWho are Carpenter + Cooper
$0
Scott Carpenter & Gordon Cooper

Final scores:

Ken Jerome Brad
$8,599 $1,000 $23,600

Cumulative scores:

Ken Jerome Brad
$34,599 $20,600 $62,000
1st runner-up: $500,000 2nd runner-up: $250,000 Ultimate champion: $2,000,000

Game dynamics:

Coryat scores:

Ken Jerome Brad
$7,600 $6,600 $23,800
13 R
(including 1 DD),
4 W
10 R
(including 1 DD),
2 W
30 R
(including 1 DD),
1 W

Combined Coryat: $38,000

The J! Archive is created by fans, for fans. The Jeopardy! game show and all elements thereof, including but not limited to copyright and trademark thereto, are the property of Jeopardy Productions, Inc. and are protected under law. This website is not affiliated with, sponsored by, or operated by Jeopardy Productions, Inc. Join the discussion at JBoard.tv.